Statistics for Handball Picture Quiz

Click here to take the quiz!

General Stats

  • This quiz has been taken 396 times
  • The average score is 5 of 16

Answer Stats

Answer% Correct
Mikkel Hansen
98%
Mattias Andersson
41%
Andy Schmid
38%
László Nagy
37%
Zlatko Horvat
31%
Nicolas Tournat
28%
Christian Dissinger
26%
Stas Skube
26%
Raúl Entrerríos
25%
Alfreð Gíslason
22%
Jesper Nielsen
22%
Stefan Kretzschmar
22%
Maik Machulla
20%
Magnus Wislander
14%
Patrice Canayer
7%
Petr Štochl
5%

Score Distribution

Percentile by Number Answered

Percent of People with Each Score

Your Score History

You have not taken this quiz